El concepto del poder crítica, del Empirismo /
שמור ב:
| מחבר ראשי: | |
|---|---|
| פורמט: | Texto |
| נושאים: | |
| תגים: |
הוספת תג
אין תגיות, היה/י הראשונ/ה לתייג את הרשומה!
|
MARC
| LEADER | 00000 a a2200000 04500 | ||
|---|---|---|---|
| 001 | 42950 | ||
| 003 | |||
| 040 | |||
| 100 | |a Cuellar, Oscar | ||
| 245 | |a El concepto del poder crítica, del Empirismo / |c Oscar Cuéllar | ||
| 650 | |a SOCIEDAD | ||
| 650 | |a LIBERALISMO | ||
| 650 | |a PODER POLITICO | ||
| 773 | |g volumen4, número10 ( , 1975), páginas 65-85 | ||
| 999 | |c 33498 |d 33498 | ||
| 773 | 0 | |0 18875 |9 5493 |a Universidad de Costa Rica. |d San José, Costa Rica: Universidad de Costa Rica. Consejo Superior Universitario Centroamericano, 1972- |o 14617 |t Estudios Sociales Centroamericanos / |x 03039676 | |
